Harry Potter Characters by Actor Quiz Stats

 Plays Quiz Updated Jun 20, 2018

Score 0/39 Timer 05:00
6 Plays Today
Actor/Actress Character % Correct
Daniel RadcliffeHarry Potter
99.9%
Rupert GrintRonald Weasley
99.3%
Emma WatsonHermione Granger
98.4%
Alan RickmanSeverus Snape
92.3%
Richard Harris/ Michael GambonAlbus Dumbledore
87.5%
Tom FeltonDraco Malfoy
86%
Maggie SmithMinerva McGonagall
83.7%
Ralph FiennesLord Voldemort
83.4%
Helena Bonham CarterBellatrix Lestrange
82.2%
Gary OldmanSirius Black
77.3%
Robbie ColtraneRubeus Hagrid
77.1%
Robert PattinsonCedric Diggory
70.8%
Bonnie WrightGinevra Weasley
69.5%
Oliver PhelpsGeorge Weasley
69.3%
James PhelpsFred Weasley
69.2%
Katie LeungCho Chang
63.2%
Julie WaltersMolly Weasley
62.3%
Emma ThompsonSybil Trelawney
62.1%
Evanna LynchLuna Lovegood
61.4%
Clémence PoésyFleur Delacour
57.9%
Actor/Actress Character % Correct
Stanislav IanevskiViktor Krum
57.5%
Matthew LewisNeville Longbottom
55.9%
David ThewlisRemus Lupin
53.3%
John CleeseSir Nicholas de Mimsy Porpington
49%
Warwick DavisFilius Flitwick/Goblin Bank Teller/Griphook
48.5%
Timothy SpallPeter Pettigrew
46.5%
Jason IsaacsLucius Malfoy
46.1%
Kenneth BranaghGilderoy Lockhart
45.8%
Jim BroadbentHorace Slughorn
40%
Richard Griffiths Vernon Dursley
34.5%
Devon MurraySeamus Finnigan
34.1%
Fiona ShawPetunia Dursley
31.5%
Natalia TenaNymphadora Tonks
30.9%
Bill NighyRufus Scrimgeour
30.2%
Alfred EnochDean Thomas
29.5%
Brendan GleesonAlastor 'Mad-Eye' Moody
29.1%
Hero Fiennes-TiffinTom Riddle (age eleven)
27.8%
Jessie CaveLavender Brown
24.9%
Eleanor ColumbusSusan Bones
14.9%

You're not logged in!

Compare scores with friends on all Sporcle quizzes.
OR
Log In

Sporcle TV

Today on Sporcle TV


Watch our educational content, quiz creation guides, and fun videos on Sporcle TV.

Show Comments

Extras

Top Quizzes Today


Score Distribution

Your Account Isn't Verified!

In order to create a playlist on Sporcle, you need to verify the email address you used during registration. Go to your Sporcle Settings to finish the process.

Report this User

Report this user for behavior that violates our Community Guidelines.

Details: